Normal view
MARC view
Entry Personal Name
001 - CONTROL NUMBER
- control field: 51227
003 - CONTROL NUMBER IDENTIFIER
- control field: ARRUPE
005 - DATE AND TIME OF LATEST TRANSACTION
- control field: 20220406094807.0
008 - FIXED-LENGTH DATA ELEMENTS
- fixed length control field: 220406|| aca||aabn | a|a d
040 ## - CATALOGING SOURCE
- Original cataloging agency: ARRUPE
- Transcribing agency: ARRUPE
100 ## - HEADING--PERSONAL NAME
- Personal name: Kyagaba, Dan
670 ## - SOURCE DATA FOUND
- Source citation: Work cat.: (ARRUPE)131259: Kyagaba, Dan., Ggulama w'oluganda omusengejje /, 1996